|
|
|
|
| LEADER |
00000nam0a2200000 4500 |
| 001 |
262519 |
| 005 |
20231101233647.0 |
| 010 |
|
|
|a 5020137723
|
| 035 |
|
|
|a (RuTPU)RU\TPU\book\285502
|
| 090 |
|
|
|a 262519
|
| 100 |
|
|
|a 20140602d1988 km y0rusy50 ca
|
| 101 |
0 |
|
|a rus
|
| 102 |
|
|
|a RU
|
| 105 |
|
|
|a a z 001zy
|
| 200 |
1 |
|
|a Введение в СУБД ИНЕС
|f Н. Е. Емельянов
|
| 210 |
|
|
|a Москва
|c Наука
|d 1988
|
| 215 |
|
|
|a 256 с.
|c ил.
|
| 225 |
1 |
|
|a Библиотечка программиста
|
| 320 |
|
|
|a Библиогр.: с. 252-256.
|
| 606 |
1 |
|
|a Базы данных
|2 stltpush
|3 (RuTPU)RU\TPU\subj\27973
|9 51601
|
| 610 |
1 |
|
|a данные
|
| 610 |
1 |
|
|a описание
|
| 610 |
1 |
|
|a проектирование
|
| 610 |
1 |
|
|a ввод
|
| 610 |
1 |
|
|a запросы
|
| 675 |
|
|
|a 681.3.016
|v 3
|
| 700 |
|
1 |
|a Емельянов
|b Н. Е.
|g Николай Евгеньевич
|
| 801 |
|
1 |
|a RU
|b 63413507
|c 20140602
|
| 801 |
|
2 |
|a RU
|b 63413507
|c 20150401
|g RCR
|
| 942 |
|
|
|c BK
|